04355cam a22003978i 450000100090000000300050000900500170001400800410003101000170007202000180008903800150010704000230012204200080014505000250015308200230017824501150020126300090031626400340032530000130035933600260037233700280039833800270042650400510045350511840050452016970168865000360338565000500342165000670347165000460353870000400358477601260362490600450375094200120379599900190380795201310382621618198NUST20240305143219.0200721s2020 nyu b 001 0 eng  a 2020032690 a9780367332006 aMalang Jan aDLCbengerdacDLC apcc00aNA2543.I74bC58 202000a720.88297223bCIT00aCities and islamisms :bon the politics and production of the built environment /cedited by Bülent Batuman. a2012 1aNew York :bRoutledge,c2020. apages cm atextbtxt2rdacontent aunmediatedbn2rdamedia avolumebnc2rdacarrier aIncludes bibliographical references and index.0 aIntroduction: Islamisms and the Built Environment: Notes for a Research Agenda / Bülent Batuman -- Section I. Nations in Islam: Architecture across Borders: 1. InterAsian Islamisms: Monumental Mosques and Modernity in Kazakhstan and Qatar / Natalie Koch -- 2. Turkish House Home and Abroad: Islamist Self-Orientalism and Architecture of Diplomacy / Bülent Batuman -- Section II. Official versus Vernacular: Dispute over Local Spaces of Worship: 3. Performing Algerian Islam in Bouteflika's policies: Reflections from the nationalization of Sufi zawiya / Valentina Fedele -- 4. Contesting Vision of Modernity? The case of Tanjung Bunut Mosque / Khairul Hazmi Zaini -- Section III. Islamic Architectures of Nation Building: 5. Representing people through Islamic Architecture in Pakistan / Farhan Karim -- 6. Is there moderation in ostentation? Architectural sectarianism and Lebanese Islamisms (2008-2018) / Ward Vloeberghs -- Section IV. Public Spaces / Islamist Subjectivities: 7. Monument to an Alternate Islamist Movement: Hosseinyeh Ershad and its Legacy / Pamela Karimi & Saba Madani -- 8. Islamist Urbanism and Spatial Performances in Indonesia / Abidin Kusno -- Index. a"This book sheds light on a particular facet of the link between politics and Islam through the analysis of the relationship between Islamism and the built environment. The relationship between Islam and politics has always been controversial; yet, it has possibly never been as controversial as it is at the current moment. This new, edited volume sets to explore the interactions between Islamisms and the built environment through issues such as: Spatial negotiations between nation and Islam in the definition of national identity. Everyday spaces and the making of Islamic milieus. The role of Islam in the making (and/or remaking) of state ideology via architecture and urban planning. The influence of globalization and transnational links on the spatial manifestations of Islam(ism). Transnational architectural exchanges through global Islam. It expands on these issues through case studies analysing the role of the built environment and the urban realm as major mediums in the making of Islamist politics. The case studies incorporate manifestations in Muslim-dominated countries including those where Islam has been at the heart of state ideology (Pakistan and Brunei), those with influential grassroots Islamist networks (pre-revolutionary Iran and Indonesia), those that identify with Islam through global exchanges (UAE, Kazakhstan and Turkey) and countries where Islam is an increasingly significant reference utilized by political actors (Algeria and Lebanon). This book will appeal to students and scholars of architecture, urban studies and cultural studies as well as those interested in the social and political aspects of the built environment"--cProvided by publisher. 0aIslam and architecture.9121834 0aIslam and architecturevCase studies.9121835 0aIslamic architecturevPolitical aspectsvCase studies.9121836 0aIslam and politicsvCase studies.91218371 aBatuman, Bülent,eeditor.912183808iOnline version:tCities and islamismsdNew York : Routledge/Taylor & Francis Group, 2020z9780429318382w(DLC) 2020032691 a7bcbccorignewd1eecipf20gy-gencatlg 2ddccBK c608552d608552 00102ddc4070aSADAbSADAd2022-02-28eGolden Booksl0o720.88297 CIT 2021pSADA0002920r2024-03-05v5417.00w2024-03-05yBK